Statistics for DreamWorks Films by Similar Movies Quiz

Click here to take the quiz!

General Stats

  • This quiz has been taken 12 times
  • The average score is 7 of 18

Answer Stats

SimilarDreamWorks% Correct
A Bug's LifeAntz
91%
Hoodwinked!Shrek
64%
The Karate KidKung Fu Panda
55%
Finding NemoShark Tale
55%
The WildMadagascar
45%
The Nut JobOver the Hedge
45%
Year OneThe Croods
45%
The SmurfsTrolls
45%
SmallfootAbominable
36%
RatatouilleFlushed Away
36%
The Ten CommandmentsThe Prince of Egypt
36%
Despicable MeMegamind
27%
Happy FeetPenguins of Madagascar
27%
Orion and the DarkRise of the Guardians
27%
The Little MermaidRuby Gillman, Teenage Kraken
27%
Look Who's TalkingThe Boss Baby
27%
Back to the FutureMr. Peabody and Sherman
18%
Black BeautySpirit: Stallion of the Cimarron
18%

Score Distribution

Percentile by Number Answered

Percent of People with Each Score

Your Score History

You have not taken this quiz